駅絞り込みクイズ~JR四国編②~ - Statistics

General Stats
  • This quiz has been taken 30 times
  • The average score is 6 of 8
Answer Stats
該当数 条件 Answer % Correct
231 他の鉄道路線と接続できない(支線や同一駅名でない場合も含む)
100%
172 2026年現在、市に所在する
100%
99 1999年時点で、市に所在する
100%
56 非電化の駅である
96%
32 列車交換ができない
70%
21 読みに同じ平仮名が使われていない(濁点・半濁点がついていても同じ文字とする)
56%
7 1960年以降に開業
33%
1 両隣の駅までの距離の合計が3.5~5.0km 春賀
0%
No matching quizzes found
Score Distribution
Percent of People with Each Score
Percentile by Number Answered
Your Score History
You have not taken this quiz